000 00285nam a22001337a 4500
008 181008b xxu||||| |||| 00| 0 eng d
020 _a9780805371710
041 _aeng
080 _27th
_a573
100 _a11
101 _aBIO
245 _aBiology
_cCampbell,N.A
942 _2udc
_cBK
999 _c49030
_d49030